| 000 | 00363nam a22001217a 4500 | ||
|---|---|---|---|
| 008 | 230731b xxu||||| |||| 00| 0 eng d | ||
| 020 | _a0644067713 | ||
| 082 |
_a362.1 _bWHO 1987 |
||
| 245 |
_aWHO - Australian Inter-Regional Ministerial Meeting on AIDS _bProceedings... |
||
| 260 |
_aAustralia _bCommonwealth of Australia _c1987 |
||
| 300 | _aX,419p | ||
| 942 |
_2ddc _cBK |
||
| 999 |
_c4014 _d4014 |
||